[Event "Mistrzostwa Polski Juniorow do lat 16 - Chlopcy"]
[Site "Szklarska Poreba"]
[Date "1899-12-30"]
[Round "1.1"]
[White "Baum, Jonasz"]
[Black "Gorkiewicz, Mateusz"]
[Result "1-0"]
[WhiteTitle "FM"]
[BlackTitle "I+"]
[WhiteElo "2391"]
[BlackElo "1959"]

1. d4 d5 2. Nf3 Nf6 3. c4 e6 4. g3 Be7 5. Bg2 O-O 6. O-O dxc4 7. Nc3 Nc6 8. e4
Rb8 9. Qe2 b5 10. Rd1 Re8 11. Bg5 Na5 12. d5 Nd7 13. dxe6 fxe6 14. Bf4 Bc5 15.
Ne5 Bd6 16. Nxd7 Bxd7 17. e5 Bf8 18. Ne4 b4 19. Qg4 Kh8 20. Ng5 Qe7 21. Nxh7 Bc6
22. Qg6 Bxg2 23. Kxg2 Qc5 24. Ng5 1-0

[Event "Mistrzostwa Polski Juniorow do lat 16 - Chlopcy"]
[Site "Szklarska Poreba"]
[Date "1899-12-30"]
[Round "1.2"]
[White "Kacprzak, Karol"]
[Black "Niedbala, Bartlomiej"]
[Result "0-1"]
[WhiteTitle "I++"]
[BlackTitle "FM"]
[WhiteElo "1954"]
[BlackElo "2381"]

1. e4 c5 2. Nf3 g6 3. d4 cxd4 4. Nxd4 Nc6 5. Nc3 Bg7 6. Be3 Nf6 7. f3 O-O 8. Nb3
d6 9. Be2 Be6 10. Nd5 Nd7 11. c3 f5 12. O-O fxe4 13. fxe4 Rxf1+ 14. Qxf1 Nde5
15. Rd1 Qd7 16. Qe1 Rf8 17. Bg5 Rf7 18. Qh4 Bf8 19. h3 Qc8 20. Rf1 Rxf1+ 21. Kxf1
Qe8 22. Qf2 Qf7 23. Qxf7+ Kxf7 24. Be3 Bd7 25. Kf2 e6 26. Nc7 Be7 27. Nb5 a6 28.
N5d4 Bh4+ 29. g3 Bd8 30. Nd2 Bc7 31. N2f3 Nxf3 32. Nxf3 Bd8 33. h4 h5 34. Bc4
Bf6 35. Bf4 Ke7 36. Bd3 Bg7 37. Bg5+ Kf7 38. Bf4 Ke7 39. Bg5+ Kf7 40. Bf4 Be5
41. Nxe5+ Nxe5 42. Be2 Bc6 43. Ke3 Ke7 44. Bg5+ Kf7 45. Bf4 Ke7 46. Bg5+ Kd7 47.
Bf6 Ke8 48. Kf4 Nd7 49. Bg5 e5+ 50. Ke3 Nc5 51. Bf3 Na4 52. g4 hxg4 53. Bxg4 Nxb2
54. h5 gxh5 55. Bxh5+ Kd7 56. Bf3 Na4 57. Kd2 Nc5 58. Ke3 Bb5 59. Bh4 Bc4 60.
a3 Kc6 61. Be7 Ba2 62. Bh5 Kd7 63. Bf8 Bb1 64. Bf3 Bc2 65. Bg2 Kc7 66. Bf3 Bb1
67. Be7 Na4 68. Kd2 Nb6 69. Bg2 Nc4+ 70. Kc1 Bd3 71. a4 a5 72. Bf3 Nb6 73. Kd2
Bf1 74. Bd1 Bh3 75. Bb3 Bd7 76. c4 Bxa4 77. c5 dxc5 78. Be6 Bd7 79. Bf7 Bc6 80.
Ke3 Nd7 81. Be6 b6 82. Bc4 a4 83. Be6 Bb5 84. Ba2 c4 85. Kd2 Nc5 86. Kc3 Kc6 87.
Bb1 Ba6 88. Bf6 Nd7 89. Be7 b5 90. Kb4 Bb7 91. Bc2 Nb8 92. Bf6 Kb6 93. Bd8+ Ka6
94. Kc5 a3 95. Kb4 a2 96. Bc7 Nc6+ 97. Kc5 a1=Q 98. Kd4 0-1

[Event "Mistrzostwa Polski Juniorow do lat 16 - Chlopcy"]
[Site "Szklarska Poreba"]
[Date "1899-12-30"]
[Round "1.3"]
[White "Dzida, Kamil"]
[Black "Kania, Dominik"]
[Result "1/2-1/2"]
[WhiteTitle "k+"]
[BlackTitle "I"]
[WhiteElo "2254"]
[BlackElo "1933"]

1. e4 e5 2. Nf3 Nc6 3. Bb5 Nf6 4. d3 Bc5 5. O-O d6 6. c3 O-O 7. h3 a6 8. Ba4 Ba7
9. Nbd2 Ne7 10. d4 Ng6 11. Bc2 Re8 12. Re1 c6 13. dxe5 Nxe5 14. Nxe5 dxe5 15.
Qf3 Be6 16. Nf1 Nd7 17. Ne3 Qf6 18. Qe2 Rad8 19. b3 Nf8 20. Ng4 Bxg4 21. hxg4
Ne6 22. g3 Rd7 23. Kg2 Red8 24. f3 Qe7 25. b4 b5 26. Rd1 Rxd1 27. Bxd1 c5 28.
a3 Qd6 29. Be3 Qd3 30. Rc1 Rd7 31. Kf2 Qxe3+ 32. Qxe3 c4 33. Be2 Bxe3+ 34. Kxe3
g5 35. a4 Kg7 36. Ra1 h6 37. Rb1 Kf6 38. Ra1 Kg7 39. axb5 axb5 40. Ra5 Nc7 41.
Ra2 Kf6 42. f4 Ke6 43. Kf3 f6 44. Ke3 Kf7 45. Ra5 Kg7 46. Kf3 Kf7 47. fxe5 fxe5
48. Ra7 Ke6 49. Rb7 Ke7 50. Kf2 Kf8 51. Rb6 Kg7 52. Ke3 Kh7 53. Kf2 Kg7 54. Ke1
Kh7 55. Rb7 Kg7 56. Bf1 Kh7 57. Ra7 Rg7 58. Be2 Kg6 59. Kd2 Kf6 60. Rb7 Re7 61.
Kc2 Kg7 62. Ra7 Kf6 63. Kd2 Ke6 64. Rb7 1/2-1/2

[Event "Mistrzostwa Polski Juniorow do lat 16 - Chlopcy"]
[Site "Szklarska Poreba"]
[Date "1899-12-30"]
[Round "1.4"]
[White "Dalkowski, Rafal"]
[Black "Fiedorek, Michal"]
[Result "1/2-1/2"]
[WhiteTitle "I"]
[BlackTitle "FM"]
[WhiteElo "1893"]
[BlackElo "2223"]

1. d4 d5 2. c4 c6 3. Nc3 Nf6 4. Nf3 e6 5. Bg5 h6 6. Bh4 dxc4 7. e4 g5 8. Bg3 b5
9. e5 Nd5 10. Nd2 Nd7 11. Be2 Bb7 12. O-O Be7 13. Nde4 O-O 14. Qd2 Kg7 15. f4
gxf4 16. Bxf4 Nxf4 17. Rxf4 f5 18. exf6+ Nxf6 19. Nxf6 Rxf6 20. Rg4+ Kh7 21. Ne4
Rf5 22. Ng3 Rg5 23. Rf1 Qg8 24. Qc2+ Kh8 25. Qe4 Rf8 26. Rxf8 Bxf8 27. Nh5 Qh7
28. Qxe6 Qb1+ 29. Bf1 Rxg4 30. Qxg4 c5 31. Qf4 Kg8 32. Nf6+ Kg7 33. Ne8+ Kg8 34.
Nf6+ Kg7 35. Ne8+ Kg8 36. Qg4+ Kh8 37. Qf4 Kg8 38. Nf6+ Kg7 39. Nh5+ Kg8 40. Qg4+
Kh8 41. Qf4 Kg8 42. Nf6+ Kg7 1/2-1/2

[Event "Mistrzostwa Polski Juniorow do lat 16 - Chlopcy"]
[Site "Szklarska Poreba"]
[Date "1899-12-30"]
[Round "1.5"]
[White "Czopor, Maciej"]
[Black "Majdanski, Maksymilian"]
[Result "1-0"]
[WhiteTitle "k"]
[BlackTitle "I"]
[WhiteElo "2196"]
[BlackElo "1868"]

1. e4 c5 2. Nf3 Nc6 3. d4 cxd4 4. Nxd4 Nf6 5. Nc3 e5 6. Ndb5 d6 7. Bg5 a6 8. Na3
Be6 9. Nc4 Rc8 10. Nd5 b5 11. Bxf6 gxf6 12. Nce3 Bh6 13. Nf5 Bxf5 14. exf5 O-O
15. Bd3 Bg7 16. O-O Ne7 17. Nxe7+ Qxe7 18. a4 d5 19. axb5 e4 20. Be2 axb5 21.
Bxb5 Qe5 22. Ra7 Rb8 23. Bc6 Rfd8 24. Qh5 Rf8 25. Rd1 d4 26. Qe2 Rxb2 27. Bxe4
Qc5 28. Rd7 Re8 29. Qh5 Qf8 30. R7xd4 Reb8 31. g3 Qe8 32. Kg2 Rc8 33. c4 Bf8 34.
Bd5 1-0

[Event "Mistrzostwa Polski Juniorow do lat 16 - Chlopcy"]
[Site "Szklarska Poreba"]
[Date "1899-12-30"]
[Round "1.6"]
[White "Wysocki, Mateusz"]
[Black "Luczak, Filip"]
[Result "0-1"]
[WhiteTitle "I"]
[BlackTitle "CM"]
[WhiteElo "1864"]
[BlackElo "2179"]

1. d4 Nf6 2. c4 g6 3. Nc3 Bg7 4. e4 d6 5. f3 O-O 6. Be3 c5 7. d5 e6 8. Qd2 exd5
9. cxd5 a6 10. a4 Re8 11. Be2 Qe7 12. Bd3 Nbd7 13. Nge2 Ne5 14. O-O Rb8 15. a5
Nxd3 16. Qxd3 Nd7 17. Bf2 Ne5 18. Qc2 f5 19. Kh1 Rf8 20. Rab1 Qc7 21. Ra1 Bd7
22. Ng3 f4 23. Nge2 g5 24. Na4 Bb5 25. Nb6 Qf7 26. Ra3 Qh5 27. Bg1 Rf6 28. b4
cxb4 29. Rb3 Rbf8 30. Rf2 g4 31. Nd4 g3 32. Rd2 gxh2 33. Bf2 Bf1 34. Be1 Rg6 35.
Rf2 Bb5 36. Ne6 Rxe6 37. dxe6 Nc6 38. Qd2 Bd4 39. Nd5 Qe5 40. Nxb4 Bxf2 41. Bxf2
Qxe6 42. Nd5 Qe5 43. Rb1 Rf7 44. Rc1 h6 45. Bb6 Kh7 46. Rd1 Bc4 47. Kxh2 Qg5 48.
Qf2 Ne5 49. Bd4 Bxd5 50. Bxe5 Bb3 51. Rb1 Qxe5 52. Rxb3 Qh5+ 53. Kg1 Qxa5 54.
Qd4 Rg7 55. Qd1 Qa2 0-1

[Event "Mistrzostwa Polski Juniorow do lat 16 - Chlopcy"]
[Site "Szklarska Poreba"]
[Date "1899-12-30"]
[Round "1.7"]
[White "Luberanski, Jakub"]
[Black "Kalkowski, Igor"]
[Result "1-0"]
[WhiteTitle "k"]
[BlackTitle "I+"]
[WhiteElo "2151"]
[BlackElo "1862"]

1. d4 d5 2. Bf4 Nf6 3. e3 c5 4. c3 Nc6 5. Nd2 e6 6. Ngf3 Be7 7. Ne5 Nxe5 8. Bxe5
O-O 9. Bd3 b6 10. O-O Bb7 11. Bxf6 Bxf6 12. f4 g6 13. Qg4 Bg7 14. Nf3 Qe7 15.
Ng5 Bc8 16. Qg3 f6 17. Nxh7 Rd8 18. Bxg6 Ba6 19. Rf3 f5 20. Ng5 Qf6 21. Bf7+ Kh8
22. Qh4+ Bh6 23. Rh3 Kg7 24. Nxe6+ Kxf7 25. Nxd8+ Rxd8 26. Qxf6+ Kxf6 27. Rxh6+
Kg7 28. Re6 Kf7 29. Re5 Kf6 30. Rd1 c4 31. Kf2 Bb7 32. h3 Rh8 33. Rg1 b5 34. g4
Rxh3 35. Rxf5+ Kg6 36. Rg5+ Kh6 37. Rh5+ Rxh5 38. gxh5 a5 39. f5 Bc8 40. f6 Be6
41. Rg7 b4 42. a3 1-0

[Event "Mistrzostwa Polski Juniorow do lat 16 - Chlopcy"]
[Site "Szklarska Poreba"]
[Date "1899-12-30"]
[Round "1.8"]
[White "Cwiek, Ryszard"]
[Black "Czernek, Tymon"]
[Result "0-1"]
[WhiteTitle "I+"]
[BlackTitle "I++"]
[WhiteElo "1843"]
[BlackElo "2120"]

1. e4 c5 2. c3 Nf6 3. e5 Nd5 4. Nf3 d6 5. exd6 Qxd6 6. d4 cxd4 7. Nxd4 a6 8. Be2
e5 9. Nc2 Nc6 10. Bf3 Be6 11. Ne3 Nxe3 12. Bxe3 Qxd1+ 13. Bxd1 Be7 14. Nd2 f5
15. Bb3 Bxb3 16. Nxb3 O-O-O 17. Ke2 Rd5 18. Rhd1 Rhd8 19. Bb6 R8d7 20. a4 e4 21.
Bd4 g6 22. f3 exf3+ 23. gxf3 Bg5 24. Bg1 Re7+ 25. Kf1 Rxd1+ 26. Rxd1 Ne5 27. Bc5
Rf7 28. Nd4 Rd7 29. Ke2 Nc4 30. b3 Ne3 31. Rd3 Nd5 32. Ne6 Be7 33. c4 Nb4 34.
Bxb4 Bxb4 35. Rxd7 Kxd7 36. Ng5 h6 37. Nh3 Bd6 38. f4 Kc6 39. Nf2 Bxf4 40. h3
Bd6 41. Nd3 a5 42. Ke3 g5 43. Kd4 b6 44. Ke3 h5 45. Kf3 g4+ 46. hxg4 fxg4+ 47.
Kg2 Kd7 48. Nf2 Ke6 49. Ne4 Ke5 50. Nc3 h4 51. Nd5 Bc5 52. Kh1 h3 53. Kh2 Kf5
54. Nc3 Bd6+ 55. Kg1 g3 56. Nd5 Bc5+ 57. Kh1 g2+ 58. Kh2 g1=Q+ 59. Kxh3 Qg4+ 60.
Kh2 Bf2 61. c5 Qg3+ 62. Kh1 Qg1# 0-1

[Event "Mistrzostwa Polski Juniorow do lat 16 - Chlopcy"]
[Site "Szklarska Poreba"]
[Date "1899-12-30"]
[Round "1.9"]
[White "Bachor, Tomasz"]
[Black "Oleksy, Krzysztof"]
[Result "1/2-1/2"]
[WhiteTitle "k"]
[BlackTitle "I"]
[WhiteElo "2105"]
[BlackElo "1842"]

1. d4 d5 2. c4 e6 3. Nc3 Nf6 4. cxd5 exd5 5. Bg5 c6 6. e3 Be7 7. Bd3 Nbd7 8. Nge2
Ne4 9. Bxe7 Nxc3 10. bxc3 Qxe7 11. Ng3 Nf6 12. Qc2 O-O 13. O-O Be6 14. f3 h5 15.
e4 h4 16. Ne2 dxe4 17. fxe4 c5 18. Qd2 cxd4 19. cxd4 Bg4 20. e5 Nd5 21. Nf4 Rad8
22. h3 Be6 23. Rad1 Nb4 24. Bb1 Rfe8 25. a3 Nd5 26. Qd3 g6 27. Nxd5 Bxd5 28. Rf6
Qc7 29. Qe3 Re6 30. Rdf1 Rxf6 31. exf6 Qg3 32. Qd2 Re8 33. Ba2 Bxa2 34. Qxa2 Qe3+
35. Qf2 Qxf2+ 36. Rxf2 Re1+ 37. Kh2 Rd1 38. Rc2 Rxd4 39. Rc8+ Kh7 40. Rc7 Kg8
41. Rxb7 Ra4 1/2-1/2

[Event "Mistrzostwa Polski Juniorow do lat 16 - Chlopcy"]
[Site "Szklarska Poreba"]
[Date "1899-12-30"]
[Round "1.10"]
[White "Babiarz, Arkadiusz"]
[Black "Redzisz, Michal"]
[Result "0-1"]
[WhiteTitle "I++"]
[BlackTitle "k"]
[WhiteElo "1831"]
[BlackElo "2105"]

1. e4 c6 2. d4 d5 3. exd5 cxd5 4. c4 Nf6 5. Nc3 e6 6. Nf3 Be7 7. cxd5 Nxd5 8. Bd3
Nc6 9. O-O O-O 10. Re1 Bf6 11. Be4 h6 12. Bb1 Nde7 13. Qd3 Ng6 14. Be3 b6 15.
Qe4 Bb7 16. Qg4 Nce7 17. Be4 Bxe4 18. Nxe4 Nd5 19. Rac1 Kh7 20. g3 Be7 21. Qh5
Nxe3 22. Rxe3 Kg8 23. Ne5 Nxe5 24. dxe5 Rc8 25. Rd1 Qc7 26. g4 Rfd8 27. Rxd8+
Qxd8 28. g5 Bxg5 29. Rf3 g6 30. Qg4 Rc1+ 31. Kg2 Qd1 32. Nxg5 hxg5 33. Qe4 Qf1+
34. Kg3 Qg1+ 35. Kh3 Qf1+ 36. Kg3 Rc4 37. Qa8+ Kg7 38. Rxf7+ Kxf7 39. Qxa7+ Kg8
40. Qb8+ Kh7 41. Qb7+ Kh6 0-1

[Event "Mistrzostwa Polski Juniorow do lat 16 - Chlopcy"]
[Site "Szklarska Poreba"]
[Date "1899-12-30"]
[Round "1.11"]
[White "Ochedzan, Tymon"]
[Black "Jedrusik, Adam"]
[Result "1/2-1/2"]
[WhiteTitle "CM"]
[BlackTitle "I"]
[WhiteElo "2099"]
[BlackElo "1828"]

1. e4 c6 2. d4 d5 3. Nc3 a6 4. Be3 dxe4 5. Nxe4 Nd7 6. Ng5 Ngf6 7. Bd3 Nb6 8. N1f3
h6 9. Ne4 Nxe4 10. Bxe4 Bg4 11. Qd3 Bxf3 12. Bxf3 e6 13. O-O-O Nd5 14. c4 Nxe3
15. Qxe3 Be7 16. Kb1 O-O 17. d5 exd5 18. cxd5 c5 19. Rhe1 Bd6 20. Be4 Re8 21.
Qf3 Qc7 22. h4 Re5 23. Bc2 Qe7 24. Qd3 g6 25. Rxe5 Qxe5 26. Qd2 Qh5 27. Re1 Qxh4
28. Qe2 Qg5 29. Qe4 Kf8 30. g3 Qe7 31. Qh1 Qg5 32. Qh3 Re8 33. Rxe8+ Kxe8 34.
Qc8+ Ke7 35. Qxb7+ Kf8 36. a4 Qe5 37. Qxa6 Qxd5 38. Qd3 Qxd3 39. Bxd3 Ke7 40.
Kc2 Kd7 41. Kb3 Kc6 42. Kc4 Kb6 43. Kd5 Bc7 44. b3 g5 45. g4 f6 46. f3 Bf4 47.
Ke6 Be5 48. Kf5 Bd4 49. Kg6 Be5 50. Kxh6 Bd4 51. Kg6 Be5 52. Kf7 Bd4 53. Ke6 Be5
54. Kd5 Bb8 55. a5+ Kxa5 56. Kxc5 Ba7+ 57. Kc4 Kb6 58. b4 Bb8 59. Kd5 Be5 60.
Ke4 1/2-1/2

[Event "Mistrzostwa Polski Juniorow do lat 16 - Chlopcy"]
[Site "Szklarska Poreba"]
[Date "1899-12-30"]
[Round "1.12"]
[White "Budzisz, Adrian"]
[Black "Koziorowicz, Michal"]
[Result "1/2-1/2"]
[WhiteTitle "I"]
[BlackTitle "k"]
[WhiteElo "1812"]
[BlackElo "2099"]

1. e4 c5 2. Nf3 e6 3. g3 Nc6 4. Bg2 g6 5. O-O Bg7 6. c3 d5 7. exd5 exd5 8. d4 cxd4
9. Nxd4 Nxd4 10. cxd4 Be6 11. Nc3 Qd7 12. Re1 Nf6 13. Bf4 O-O 14. Be5 Rfd8 15.
a4 Rac8 16. Rc1 Rc6 17. Bf1 a6 18. f3 Bh3 19. Bxh3 Qxh3 20. Qb3 Qd7 21. Re2 Rdc8
22. Rce1 Rc4 23. Kg2 h5 24. h4 Qc6 25. Qd1 b5 26. axb5 axb5 27. Na2 Ra4 28. b3
Ra3 29. Nb4 Qd7 30. Nd3 Qf5 31. Nc5 Nd7 32. Bd6 Bf8 33. Bxf8 Kxf8 34. Qc1 Raa8
35. Qh6+ Kg8 36. b4 Nf8 37. Qd2 Ra3 38. Rf2 Qf6 39. Re5 Rd8 40. Qe2 Qc6 41. Re7
Qf6 42. Qe5 Qxe5 43. Rxe5 Rc3 44. Nb7 Rd7 45. Nc5 Rd6 46. Nb7 Rb6 47. Na5 Rd6
48. Nb7 Rd7 1/2-1/2

[Event "Mistrzostwa Polski Juniorow do lat 16 - Chlopcy"]
[Site "Szklarska Poreba"]
[Date "1899-12-30"]
[Round "1.13"]
[White "Suder, Jakub"]
[Black "Majewski, Krzysztof"]
[Result "1-0"]
[WhiteTitle "I++"]
[BlackTitle "I"]
[WhiteElo "2085"]
[BlackElo "1805"]

1. d4 Nf6 2. Bf4 g6 3. Nf3 Bg7 4. h3 d5 5. e3 O-O 6. c4 c6 7. Nc3 Bf5 8. Qb3 Qb6
9. Qa3 a5 10. Nd2 h5 11. f3 Qb4 12. g4 Be6 13. c5 hxg4 14. hxg4 Nfd7 15. Qb3 Qxb3
16. axb3 b6 17. b4 bxc5 18. bxc5 Na6 19. Rxa5 Nb4 20. Rxa8 Rxa8 21. Nb3 f5 22.
g5 Bf7 23. Bc7 e5 24. Rh4 exd4 25. exd4 Ra7 26. Bd6 Nf8 27. Bxf8 Bxf8 28. Kd2
Be6 29. f4 Bc8 30. Rh3 Be7 31. Re3 Kf7 32. Re1 Bd8 33. Ra1 Rxa1 34. Nxa1 Bc7 35.
Ke3 Ke6 36. Nd1 Bb7 37. Nc3 Ke7 38. Nb1 Kd8 39. Nd2 Ke7 40. Nf3 Bb8 41. Be2 Bc7
42. Ne5 Bxe5 43. fxe5 Ba6 44. Nb3 Bxe2 45. Kxe2 Ke6 46. Ke3 Kd7 47. Kd2 Na6 48.
Kd3 Nc7 49. Nd2 Ne6 50. Nf3 Kc7 51. Ke3 Kd7 52. b4 Ke7 53. Kd3 Nc7 54. Kc3 Ke6
55. Nh4 Nb5+ 56. Kd3 Kf7 57. e6+ Kxe6 58. Nxg6 Na7 59. Ne5 f4 60. Ke2 Kf5 61.
g6 Kf6 62. Kf3 Nb5 63. Nxc6 Kxg6 64. Kxf4 Kf6 65. Ke3 Ke6 66. Kd3 Kd7 67. Ne5+
Ke6 68. Nf3 Kf5 69. Ng1 Ke6 70. Ne2 Na7 71. Nf4+ Kd7 72. Nxd5 Nb5 73. Nc3 Na7
74. Kc4 Kc7 75. Nb5+ 1-0

[Event "Mistrzostwa Polski Juniorow do lat 16 - Chlopcy"]
[Site "Szklarska Poreba"]
[Date "1899-12-30"]
[Round "1.14"]
[White "Stachecki, Mikolaj"]
[Black "Grzesik, Gracjan"]
[Result "1-0"]
[WhiteTitle "I+"]
[BlackTitle "I++"]
[WhiteElo "1802"]
[BlackElo "2039"]

1. e4 c5 2. Nf3 d6 3. d4 cxd4 4. Nxd4 Nf6 5. Nc3 a6 6. Be3 e5 7. Nf3 Be7 8. Bc4
O-O 9. O-O Nc6 10. Bg5 Be6 11. Bb3 Rc8 12. Bxf6 Bxf6 13. Nd5 Bxd5 14. Bxd5 Qb6
15. Nd2 Qc5 16. Nc4 Rfd8 17. Ne3 Rc7 18. Qg4 Ne7 19. h4 Rf8 20. Rad1 b5 21. Qg3
g6 22. h5 Qb6 23. Bb3 a5 24. hxg6 hxg6 25. Nf5 d5 26. Bxd5 Nxd5 27. Rxd5 Rxc2
28. Rd6 Rc6 29. Rfd1 Rxd6 30. Rxd6 Qc7 31. Rxf6 Kh8 32. Qh4+ Kg8 33. Qh6 gxf5
34. Qg5+ 1-0

[Event "Mistrzostwa Polski Juniorow do lat 16 - Chlopcy"]
[Site "Szklarska Poreba"]
[Date "1899-12-30"]
[Round "1.15"]
[White "Poltorak, Sebastian"]
[Black "Topola, Rafal"]
[Result "1/2-1/2"]
[WhiteTitle "k"]
[BlackTitle "I"]
[WhiteElo "2036"]
[BlackElo "1754"]

1. d4 Nf6 2. c4 c5 3. d5 b5 4. Qc2 bxc4 5. e4 d6 6. Bxc4 g6 7. b3 Bg7 8. Bb2 O-O
9. Nc3 Qa5 10. Nge2 Nbd7 11. O-O Ba6 12. h3 Rab8 13. Bxa6 Qxa6 14. Nd1 Ne8 15.
Bxg7 Nxg7 16. Nb2 f5 17. exf5 Rxf5 18. Nc3 Nb6 19. Rfe1 Qb7 20. Qe4 Rbf8 21. f3
R8f7 22. Rad1 Ne8 23. Qd3 Nc7 24. Nc4 Ncxd5 25. Qe4 Qa8 26. Nb5 Nb4 27. Qxa8+
Nxa8 28. Nxa7 Nc2 29. Re2 Nd4 30. Red2 Rf8 31. b4 Rb8 32. Rxd4 cxd4 33. Nc6 Re8
34. Nxd4 Rd5 35. Ne3 Re5 36. Kf2 Nb6 37. Ng4 Rd5 38. Ne3 Re5 39. Ng4 Rd5 40. Ne3
Re5 41. Ng4 1/2-1/2

[Event "Mistrzostwa Polski Juniorow do lat 16 - Chlopcy"]
[Site "Szklarska Poreba"]
[Date "1899-12-30"]
[Round "1.16"]
[White "Wasik, Mateusz"]
[Black "Zabron, Maksym"]
[Result "1/2-1/2"]
[WhiteTitle "I"]
[BlackTitle "I++"]
[WhiteElo "1724"]
[BlackElo "2023"]

1. e4 c5 2. Nf3 e6 3. d4 cxd4 4. Nxd4 Nc6 5. Nc3 Qc7 6. Be2 a6 7. O-O Nf6 8. Be3
Bb4 9. Nxc6 bxc6 10. Qd4 c5 11. Qd3 Bb7 12. f3 O-O 13. a3 Bxc3 14. Qxc3 d5 15.
exd5 Nxd5 16. Qxc5 Qe5 17. Kf2 Rac8 18. Qd4 Qxe3+ 19. Qxe3 Nxe3 20. Kxe3 Rxc2
21. b4 Rfc8 22. Rfd1 Kf8 23. Rd6 Ke7 24. Rad1 Bd5 25. Rb6 R8c3+ 26. Kd4 Rxa3 27.
Bf1 Rb2 28. Rc1 Ra4 29. Kc5 a5 30. b5 Raa2 31. Ra6 Rc2+ 32. Rxc2 Rxc2+ 33. Kb6
Rf2 34. Bd3 Rxg2 35. Be4 Bxe4 36. fxe4 Rxh2 37. Ka7 Rb2 38. b6 Kd7 39. Rxa5 Kc6
40. Ra1 f5 41. Rc1+ Kd6 42. b7 Ra2+ 43. Kb6 Rb2+ 44. Ka7 f4 45. b8=Q+ Rxb8 46.
Kxb8 g5 47. Rg1 Ke5 48. Rxg5+ Kxe4 49. Rh5 Kd3 50. Kc7 f3 51. Kd6 f2 52. Rh1 Ke2
53. Kxe6 f1=Q 54. Rxf1 Kxf1 55. Kf6 h5 56. Kg5 h4 57. Kxh4 1/2-1/2

[Event "Mistrzostwa Polski Juniorow do lat 16 - Chlopcy"]
[Site "Szklarska Poreba"]
[Date "1899-12-30"]
[Round "1.17"]
[White "Kacprzak, Kacper"]
[Black "Gradalski, Olaf"]
[Result "1-0"]
[WhiteTitle "I+"]
[BlackTitle "II+"]
[WhiteElo "2019"]
[BlackElo "1719"]

1. e4 c6 2. d4 d5 3. Nc3 dxe4 4. Nxe4 Bf5 5. Ng3 Bg6 6. h4 h6 7. Nf3 Nd7 8. h5
Bh7 9. Bd3 Bxd3 10. Qxd3 e6 11. Bf4 Qa5+ 12. Bd2 Qc7 13. O-O-O Ngf6 14. Kb1 O-O-O
15. c4 c5 16. Qc2 cxd4 17. Nxd4 a6 18. Bc1 Bc5 19. Nge2 Rhe8 20. f3 Nb8 21. Bf4
Bd6 22. Be3 Be5 23. Rc1 Nc6 24. Nxc6 Qxc6 25. Nf4 Re7 26. Nd3 Bd4 27. Nb4 Qc5
28. Bxd4 Rxd4 29. Nd3 Qf5 30. Nb4 Qxc2+ 31. Nxc2 Rxc4 32. Ne3 Rxc1+ 33. Kxc1 Rc7+
34. Kd2 Rc5 35. g4 Nd5 36. Nxd5 Rxd5+ 37. Ke3 Kd7 38. Rc1 Ra5 39. a3 Re5+ 40.
Kd3 Rd5+ 41. Ke3 Rd6 42. Rc2 Rc6 43. Rd2+ Ke7 44. Rd4 Rc2 45. Rb4 Rc7 46. Rb6
Kd7 47. Kd3 Kc8 48. Rb4 Rc5 49. Rf4 f5 50. b4 Rd5+ 51. Ke3 Kd7 52. Rc4 Rd6 53.
a4 Rd5 54. Rc2 Rd1 55. gxf5 exf5 56. Rg2 Re1+ 57. Kf4 Re7 58. Kxf5 Ke8 59. Rc2
Kf7 60. b5 axb5 61. axb5 Rd7 62. Ke5 Ke7 63. Rc8 Kf7 64. f4 Ke7 65. Rg8 Kf7 66.
Rc8 Ke7 67. b6 Rd1 68. Rc7+ Kf8 69. Rxb7 Re1+ 70. Kf5 Rb1 71. Kg6 Rg1+ 72. Kh7
1-0

[Event "Mistrzostwa Polski Juniorow do lat 16 - Chlopcy"]
[Site "Szklarska Poreba"]
[Date "1899-12-30"]
[Round "1.18"]
[White "Kossowski, Pawel"]
[Black "Trybus, Daniel"]
[Result "0-1"]
[WhiteTitle "I"]
[BlackTitle "I++"]
[WhiteElo "1717"]
[BlackElo "2010"]

1. e4 Nf6 2. e5 Nd5 3. d4 d6 4. c4 Nb6 5. exd6 exd6 6. Nc3 Be7 7. Be3 Nc6 8. Rc1
Bf5 9. b3 O-O 10. Nf3 Bf6 11. Be2 d5 12. c5 Nc8 13. O-O N8e7 14. Qd2 h6 15. a3
Bh7 16. b4 a6 17. Bd1 Nf5 18. Re1 Nxe3 19. Rxe3 Ne7 20. Bb3 c6 21. Rce1 b6 22.
cxb6 Nf5 23. R3e2 Qxb6 24. Na4 Qc7 25. Rc1 Qd6 26. Nc5 Ra7 27. Ba4 a5 28. bxa5
Bg6 29. Ne5 Bh5 30. f3 Bg5 31. f4 Bxe2 32. fxg5 Bb5 33. Bc2 f6 34. Ng6 fxg5 35.
Nxf8 Qxf8 36. a4 Bc4 37. Re1 Qf6 38. Bxf5 Qxf5 39. Qb4 Rf7 40. h3 Qf2+ 41. Kh1
Bf1 42. Rxf1 Qxf1+ 43. Kh2 Qf4+ 44. Kh1 g4 45. hxg4 Qxg4 46. Qe1 Rf5 47. a6 Rh5+
48. Kg1 Qxd4+ 49. Qf2 Rh1+ 50. Kxh1 Qxf2 51. a7 Qh4+ 52. Kg1 Qd8 0-1

[Event "Mistrzostwa Polski Juniorow do lat 16 - Chlopcy"]
[Site "Szklarska Poreba"]
[Date "1899-12-30"]
[Round "1.19"]
[White "Kozlowski, Michal"]
[Black "Gardian, Adam"]
[Result "0-1"]
[WhiteTitle "I++"]
[BlackTitle "I"]
[WhiteElo "2009"]
[BlackElo "1709"]

1. e4 e5 2. Nf3 Nc6 3. Bc4 Nf6 4. d3 Bc5 5. Nc3 d6 6. Be3 Bxe3 7. fxe3 O-O 8. O-O
Na5 9. Bb3 Nxb3 10. axb3 Bg4 11. Qe1 Qd7 12. h3 Bh5 13. Qg3 Bg6 14. Nh4 Rfe8 15.
Nf5 Re6 16. Qg5 a6 17. Rf2 h6 18. Qh4 Nh7 19. Raf1 c6 20. Qg3 Rae8 21. h4 h5 22.
d4 exd4 23. exd4 c5 24. dxc5 dxc5 25. Rd1 Qc6 26. Rd6 Rxd6 27. Nxd6 Re6 28. e5
Nf8 29. Re2 Nd7 30. Qg5 Nxe5 31. Rxe5 Qxd6 32. Rxc5 Qd4+ 33. Kh2 Re1 34. Rc8+
Kh7 35. Rd8 Qg1+ 36. Kg3 Re3+ 0-1

[Event "Mistrzostwa Polski Juniorow do lat 16 - Chlopcy"]
[Site "Szklarska Poreba"]
[Date "1899-12-30"]
[Round "1.20"]
[White "Kotula, Pawel"]
[Black "Skurniak, Szymon"]
[Result "0-1"]
[WhiteTitle "I"]
[BlackTitle "I+"]
[WhiteElo "1707"]
[BlackElo "2005"]

1. e4 d6 2. d4 Nf6 3. Bd3 e5 4. Nf3 Nbd7 5. c3 c6 6. O-O Be7 7. Nbd2 O-O 8. Re1
Re8 9. Nc4 Bf8 10. Bg5 h6 11. Bh4 b5 12. Ncd2 Bb7 13. Qc2 a6 14. Rad1 Qb6 15.
Nf1 exd4 16. cxd4 c5 17. Bxf6 Nxf6 18. Ng3 c4 19. Bf1 d5 20. e5 Ne4 21. Nxe4 dxe4
22. Nd2 Qxd4 23. Nxe4 Qxe5 24. Nd6 Qxe1 25. Rxe1 Rxe1 26. Nxb7 Rb8 27. Na5 Rd8
28. Nxc4 bxc4 29. Qxc4 a5 30. f3 Rdd1 31. Kf2 Rxf1+ 32. Kg3 Rfe1 33. Qc3 Re2 34.
Kh3 Rdd2 35. g3 Rxh2+ 36. Kg4 Rxb2 37. a3 Rbe2 38. Qxa5 h5+ 39. Kf5 g6+ 40. Kg5
Bg7 41. Qc7 Re5+ 0-1

[Event "Mistrzostwa Polski Juniorow do lat 16 - Chlopcy"]
[Site "Szklarska Poreba"]
[Date "1899-12-30"]
[Round "1.21"]
[White "Syrkiewicz, Michal"]
[Black "Haliniak, Wojciech"]
[Result "1-0"]
[WhiteTitle "I"]
[BlackTitle "I"]
[WhiteElo "2004"]
[BlackElo "1705"]

1. e4 Nf6 2. e5 Nd5 3. c4 Nb6 4. d4 d6 5. exd6 cxd6 6. Nc3 g6 7. Be3 Bg7 8. Rc1
O-O 9. b3 a5 10. Be2 Na6 11. a3 Bd7 12. Nf3 Rc8 13. O-O f5 14. d5 Nc5 15. a4 f4
16. Bd4 Bh6 17. Bd3 Nxd3 18. Qxd3 Bf5 19. Qe2 Nd7 20. Rce1 Re8 21. Nh4 e5 22.
dxe6 Bxe6 23. Nf3 Nf6 24. Qd1 Rc6 25. Nb5 Bg7 26. Bxf6 Qxf6 27. Nxd6 Rd8 28. Ne4
Qf8 29. Qc1 Bg4 30. Rd1 Re8 31. Rfe1 Bxf3 32. gxf3 Qf5 33. Qd2 Bf8 34. Qd5+ Qxd5
35. cxd5 Rb6 36. Nf6+ Rxf6 37. Rxe8 Kf7 38. Rc8 Rb6 39. Rc7+ Kf6 40. Rxh7 Ke5
41. Rd3 Bd6 42. Rf7 Rb4 43. Kg2 b5 44. Rb7 bxa4 45. Rxb4 Bxb4 46. bxa4 Bd6 47.
Kh3 Kf5 48. Rd1 g5 49. Re1 Be5 50. Rxe5+ 1-0

[Event "Mistrzostwa Polski Juniorow do lat 16 - Chlopcy"]
[Site "Szklarska Poreba"]
[Date "1899-12-30"]
[Round "1.22"]
[White "Dziendziel, Mateusz"]
[Black "Turski, Bartlomiej"]
[Result "1/2-1/2"]
[WhiteTitle "I"]
[BlackTitle "I"]
[WhiteElo "1700"]
[BlackElo "1986"]

1. e4 c5 2. Nf3 d6 3. d4 cxd4 4. Nxd4 Nf6 5. Nc3 Nc6 6. Nde2 g6 7. g3 Bg7 8. Bg2
O-O 9. O-O a6 10. Nd5 e6 11. Nxf6+ Bxf6 12. c3 Bg7 13. Be3 Qc7 14. Rc1 b6 15.
f4 Rb8 16. Qd2 Ne7 17. Rfd1 Rd8 18. Bd4 Bb7 19. Qe3 Bc6 20. Bxg7 Kxg7 21. Nd4
e5 22. fxe5 dxe5 23. Nxc6 Qxc6 24. Bh3 Ng8 25. Bg4 Nf6 26. Bf3 h6 27. Kg2 a5 28.
b3 Rbc8 29. Rd3 Rxd3 30. Qxd3 Rc7 31. Qe3 Rd7 32. Rc2 b5 33. Kf2 a4 34. Ke2 g5
35. Rc1 Qd6 36. bxa4 bxa4 37. c4 Qc6 38. c5 Rd4 39. Kf2 g4 40. Bg2 Nd7 41. Qc3
Nf8 42. Kg1 Ne6 43. Qc2 Ng5 1/2-1/2

[Event "Mistrzostwa Polski Juniorow do lat 16 - Chlopcy"]
[Site "Szklarska Poreba"]
[Date "1899-12-30"]
[Round "1.23"]
[White "Panek, Bartosz"]
[Black "Strepikowski, Pawel"]
[Result "1-0"]
[WhiteTitle "I+"]
[BlackTitle "I"]
[WhiteElo "1979"]
[BlackElo "1676"]

1. e4 d6 2. d4 Nf6 3. Bd3 g6 4. Nf3 Bg7 5. O-O O-O 6. c3 Nc6 7. Re1 e5 8. Nbd2
Nh5 9. Nb3 Kh8 10. h3 f5 11. exf5 gxf5 12. Nxe5 dxe5 13. Qxh5 exd4 14. Bg5 Qd6
15. Nxd4 Nxd4 16. Be7 Qb6 17. Bxf8 Bxf8 18. cxd4 Bd7 19. Qf7 Qxd4 20. Bc4 Qg7
21. Qxg7+ Kxg7 22. Rad1 Bd6 23. Be6 Bxe6 24. Rxe6 Kf7 25. Rde1 f4 26. R1e4 Rg8
27. Kf1 Rg5 28. Re1 Ra5 29. a3 Rb5 30. R6e2 a5 31. Rc2 Kf6 32. Rd1 Ke6 33. Rdd2
Be5 34. Ke2 Rb3 35. Rd3 Rxb2 36. Rxb2 Bxb2 37. Rb3 Be5 38. Rxb7 Bd6 39. a4 Kd7
40. Rb5 Bb4 41. Rf5 1-0